Vista normal Vista MARC

Entrada Materia (personas)

Número de registros utilizados en: 1

001 - CONTROL NUMBER

  • control field: 69541

003 - CONTROL NUMBER IDENTIFIER

  • control field: Co-BoUCM

005 - DATE AND TIME OF LATEST TRANSACTION

  • control field: 20150610091906.0

008 - FIXED-LENGTH DATA ELEMENTS

  • fixed length control field: 150610|| aca||aabn | a|a d

040 ## - CATALOGING SOURCE

  • Original cataloging agency: Co-BoUCM
  • Transcribing agency: Co-BoUCM

100 ## - HEADING--PERSONAL NAME

  • Personal name: Moreno, Rodolfo
  • Relator term: prólogo

670 ## - SOURCE DATA FOUND

  • Source citation: Work cat.: (Co-BoUCM): Tomaso, Antonio de, 1889- 69540, Código penal argentino, 1921